[Event "43. Olimpiada Batumi 2018 Femenina"]
[Site "Batumi GEO"]
[Date "2018.09.30"]
[Round "6.3"]
[White "James, Shemilah"]
[Black "Kojima, Natsumi"]
[Result "1/2-1/2"]
[WhiteElo "1535"]
[BlackElo "1655"]
[PlyCount "110"]
[EventDate "2018.09.24"]
[EventType "team-swiss"]
[EventRounds "11"]
[EventCountry "GEO"]
[SourceTitle "Ajedrez en Madrid"]
[Source "lmi"]
[SourceDate "2018.09.24"]
[WhiteTeam "Trinidad & Tobago"]
[BlackTeam "Japan"]
[BlackTeamCountry "JPN"]

1. e4 e5 2. Nf3 Nc6 3. Nc3 Nf6 4. d4 Bb4 5. Nxe5 Qe7 6. Nxc6 Qxe4+ 7. Qe2 Qxe2+
8. Bxe2 dxc6 9. O-O Bf5 10. Bf4 O-O-O 11. a3 Bd6 12. Bg5 Bxc2 13. Rac1 Bf5 14.
Bc4 Rd7 15. Bxf6 gxf6 16. Rcd1 Rg8 17. Rfe1 Bh3 18. g3 h5 19. Ne4 Rg6 20. Nxd6+
cxd6 21. d5 h4 22. dxc6 bxc6 23. Re8+ Kc7 24. Rh8 Bg4 25. Re1 hxg3 26. fxg3 d5
27. Ba6 Be6 28. Rc1 Kd6 29. Bc8 Rc7 30. Bxe6 fxe6 31. Rh4 e5 32. Ra4 d4 33.
Rac4 Kd5 34. Rc5+ Ke4 35. Re1+ Kf3 36. Rc2 Kg4 37. Re4+ Kf5 38. Re1 Rgg7 39.
Rc5 Ke6 40. Rd1 Kd6 41. b4 Rgd7 42. Kf2 Ke6 43. Rdc1 f5 44. h4 e4 45. Ke2 Rg7
46. Kf2 Rcd7 47. Rxc6+ Rd6 48. b5 d3 49. h5 Rh7 50. h6 d2 51. Rxd6+ Kxd6 52.
Rd1 Rxh6 53. Rxd2+ Kc5 54. Ke3 Kxb5 55. Rd5+ Ka4 1/2-1/2

[Event "43. Olimpiada Batumi 2018 Femenina"]
[Site "Batumi GEO"]
[Date "2018.09.30"]
[Round "6.4"]
[White "Shibata, Misaki"]
[Black "Ali, Amy"]
[Result "1/2-1/2"]
[WhiteElo "1605"]
[BlackElo "1446"]
[PlyCount "80"]
[EventDate "2018.09.24"]
[EventType "team-swiss"]
[EventRounds "11"]
[EventCountry "GEO"]
[SourceTitle "Ajedrez en Madrid"]
[Source "lmi"]
[SourceDate "2018.09.24"]
[WhiteTeam "Japan"]
[BlackTeam "Trinidad & Tobago"]
[WhiteTeamCountry "JPN"]

1. d4 Nf6 2. c4 e6 3. Nc3 d5 4. cxd5 Nxd5 5. e4 Nb6 6. Be3 N8d7 7. Bd3 Nf6 8.
Rc1 Be7 9. h3 c6 10. Nf3 Qc7 11. O-O O-O 12. Qe2 c5 13. dxc5 Nbd7 14. b4 a6 15.
Rfd1 Ne5 16. Nxe5 Qxe5 17. Bb1 Qc7 18. a3 Rd8 19. Na4 Nd7 20. Nb2 Bf6 21. Nc4
Ne5 22. Bf4 Bd7 23. Qh5 g6 24. Qe2 Bb5 25. Bd3 Bxc4 26. Bxc4 Qe7 27. Bb3 Bg5
28. Be3 Bxe3 29. Qxe3 Qf6 30. f4 Nc6 31. g3 Qg7 32. Rd2 Rxd2 33. Qxd2 Rd8 34.
Qf2 Qd4 35. e5 Qxf2+ 36. Kxf2 Rd3 37. Bc4 Rxa3 38. b5 axb5 39. Bxb5 Nd4 40. Bf1
Rf3+ 1/2-1/2

[Event "43. Olimpiada Batumi 2018 Femenina"]
[Site "Batumi GEO"]
[Date "2018.09.30"]
[Round "6.1"]
[White "Milligan, Helen"]
[Black "Sanchez Castillo, Sarai Carolina"]
[Result "1/2-1/2"]
[WhiteElo "1942"]
[BlackElo "2137"]
[PlyCount "80"]
[EventDate "2018.09.24"]
[EventType "team-swiss"]
[EventRounds "11"]
[EventCountry "GEO"]
[SourceTitle "Ajedrez en Madrid"]
[Source "lmi"]
[SourceDate "2018.09.24"]
[WhiteTeam "New Zealand"]
[BlackTeam "Venezuela"]
[WhiteTeamCountry "NZL"]
[BlackTeamCountry "VEN"]

1. e4 e6 2. d4 d5 3. e5 c5 4. c3 Nc6 5. Nf3 Bd7 6. Be2 f6 7. O-O Qc7 8. Re1
O-O-O 9. Bf4 h6 10. Na3 g5 11. Nb5 Qb6 12. Be3 fxe5 13. dxc5 Bxc5 14. Bxc5 Qxc5
15. b4 Qe7 16. Bf1 a6 17. a4 e4 18. Nfd4 axb5 19. axb5 Nb8 20. Ra8 e5 21. Nb3
Nf6 22. Nc5 Bg4 23. Qa4 Qc7 24. Ra1 Nfd7 25. Nxd7 Rxd7 26. b6 Qxb6 27. Rxb8+
Kxb8 28. Qa8+ Kc7 29. Qxh8 Qd6 30. Ra5 Rd8 31. Qg7+ Kb8 32. h3 Bc8 33. Qh7 d4
34. Qxe4 d3 35. Bxd3 Qxd3 36. Qxe5+ Qd6 37. Qe3 Qd1+ 38. Kh2 Qd6+ 39. Kg1 Kc7
40. Rc5+ Kb8 1/2-1/2

[Event "43. Olimpiada Batumi 2018 Femenina"]
[Site "Batumi GEO"]
[Date "2018.09.30"]
[Round "6.2"]
[White "Hernandez Bonilla, Amelia"]
[Black "Punsalan, Vyanla M"]
[Result "0-1"]
[WhiteElo "2044"]
[BlackElo "1932"]
[PlyCount "148"]
[EventDate "2018.09.24"]
[EventType "team-swiss"]
[EventRounds "11"]
[EventCountry "GEO"]
[SourceTitle "Ajedrez en Madrid"]
[Source "lmi"]
[SourceDate "2018.09.24"]
[WhiteTeam "Venezuela"]
[BlackTeam "New Zealand"]
[WhiteTeamCountry "VEN"]
[BlackTeamCountry "NZL"]

1. e4 c5 2. Nc3 Nc6 3. f4 g6 4. Nf3 Bg7 5. Bb5 Nd4 6. O-O e6 7. d3 f5 8. Kh1
Nf6 9. e5 Ng4 10. h3 h5 11. Kg1 a6 12. Bc4 b5 13. Bb3 Bb7 14. Ng5 Bh6 15. hxg4
hxg4 16. Be3 Bxg5 17. fxg5 g3 18. Ne4 fxe4 19. Qg4 Qe7 20. Bxd4 cxd4 21. dxe4
Rh5 22. Qxg3 Rxg5 23. Qd3 Rxe5 24. Qxd4 Qc5 25. Qxc5 Rxc5 26. Rae1 Re5 27. Rf4
g5 28. Rg4 Ke7 29. c3 Rf8 30. Bc2 d5 31. Re2 Rf4 32. Rxf4 gxf4 33. Rf2 dxe4 34.
Rxf4 e3 35. Kf1 Bd5 36. b3 e2+ 37. Ke1 Bxg2 38. Rf2 Bf1 39. Bd3 Re3 40. Bxe2
Bxe2 41. Rxe2 Rxc3 42. Kd2 Rc5 43. Rh2 Kd6 44. Rh8 b4 45. Kd3 Rg5 46. Rh2 Kd5
47. Ke3 Rg1 48. Rd2+ Ke5 49. Rh2 Rg3+ 50. Kd2 Kd5 51. Kc2 e5 52. Rd2+ Ke4 53.
Re2+ Kd4 54. Rd2+ Ke3 55. Rd3+ Kf4 56. Rd6 a5 57. Rf6+ Ke4 58. Ra6 Rg2+ 59. Kb1
Kd3 60. Rxa5 e4 61. Rd5+ Ke2 62. Rd4 e3 63. Rxb4 Ke1 64. a4 e2 65. Re4 Kf1 66.
b4 e1=Q+ 67. Rxe1+ Kxe1 68. b5 Kd2 69. b6 Rg4 70. a5 Ra4 71. b7 Rb4+ 72. Ka2
Rxb7 73. Ka3 Kc3 74. Ka4 Kc4 0-1

[Event "43. Olimpiada Batumi 2018 Femenina"]
[Site "Batumi GEO"]
[Date "2018.09.30"]
[Round "6.3"]
[White "Zhang, Jasmine Haomo"]
[Black "Rovira Contreras, Tairu Manuela"]
[Result "1-0"]
[WhiteElo "1899"]
[BlackElo "2033"]
[PlyCount "111"]
[EventDate "2018.09.24"]
[EventType "team-swiss"]
[EventRounds "11"]
[EventCountry "GEO"]
[SourceTitle "Ajedrez en Madrid"]
[Source "lmi"]
[SourceDate "2018.09.24"]
[WhiteTeam "New Zealand"]
[BlackTeam "Venezuela"]
[WhiteTeamCountry "NZL"]
[BlackTeamCountry "VEN"]

1. d4 Nf6 2. c4 g6 3. Nc3 Bg7 4. e4 d6 5. h3 O-O 6. Bg5 h6 7. Be3 e5 8. d5 Ne8
9. Qd2 Kh7 10. g4 a6 11. f3 c5 12. h4 Bd7 13. a3 b5 14. cxb5 axb5 15. Nxb5 Na6
16. Rb1 f5 17. h5 f4 18. hxg6+ Kxg6 19. Bf2 Bf6 20. Kd1 Rh8 21. Bc4 Nac7 22.
Nxc7 Qxc7 23. Ne2 Bg5 24. Nc3 Nf6 25. Bh4 Qc8 26. Kc2 Qb7 27. Qe2 Rab8 28. Kd3
Qa7 29. Qc2 Qa5 30. Rbg1 Nh7 31. Be1 Qb6 32. b3 Be7 33. Rg2 Ng5 34. Ke2 Bc8 35.
a4 Ba6 36. Nb5 Bxb5 37. Bxb5 c4 38. Bf2 cxb3 39. Qxb3 Qc7 40. Rgg1 Rhc8 41. Rc1
Qd8 42. Qa3 Nf7 43. Qb4 Ra8 44. Bc6 Rcb8 45. Qc3 Ra6 46. Rb1 Qc8 47. Qd3 Rxb1
48. Rxb1 Nd8 49. Bb5 Ra8 50. Qd2 Rb8 51. Rc1 Qb7 52. Qa5 Ra8 53. Qc7 Rb8 54.
Ba7 Nc6 55. Qxb7 Rxb7 56. dxc6 1-0

[Event "43. Olimpiada Batumi 2018 Femenina"]
[Site "Batumi GEO"]
[Date "2018.09.30"]
[Round "6.4"]
[White "Patino Garcia, Corals"]
[Black "Qin, Joy Shu Yan"]
[Result "1/2-1/2"]
[WhiteElo "2023"]
[BlackElo "1727"]
[PlyCount "176"]
[EventDate "2018.09.24"]
[EventType "team-swiss"]
[EventRounds "11"]
[EventCountry "GEO"]
[SourceTitle "Ajedrez en Madrid"]
[Source "lmi"]
[SourceDate "2018.09.24"]
[WhiteTeam "Venezuela"]
[BlackTeam "New Zealand"]
[WhiteTeamCountry "VEN"]
[BlackTeamCountry "NZL"]

1. d4 d5 2. c4 e6 3. Nc3 c5 4. cxd5 exd5 5. Nf3 Nc6 6. g3 Nf6 7. Bg2 Be7 8. O-O
O-O 9. Bg5 c4 10. Ne5 Be6 11. b3 h6 12. Bxf6 Bxf6 13. Nxc6 bxc6 14. bxc4 dxc4
15. e3 Qa5 16. Ne4 Be7 17. Qc2 Ba3 18. Nd2 c3 19. Nb3 Qb4 20. Bxc6 Rac8 21. Bf3
Bc4 22. Rfe1 Bb2 23. Rab1 Qa3 24. Be2 a5 25. Bxc4 Rxc4 26. Nc5 Rd8 27. Nd3 Rb8
28. Kg2 Qa4 29. Re2 Qxa2 30. Ne5 Rcb4 31. e4 Qe6 32. Nd3 R4b5 33. d5 Qe7 34. f3
Qd6 35. Rf2 Qa6 36. h4 a4 37. Ne5 a3 38. Nc6 R8b7 39. Nd8 Rb8 40. Nc6 R8b6 41.
e5 a2 42. Re1 a1=Q 43. Rxa1 Bxa1 44. e6 fxe6 45. Qg6 Rxc6 46. Qe8+ Kh7 47. dxc6
Rc5 48. h5 Qxc6 49. Qg6+ Kg8 50. Ra2 c2 51. Ra6 Qd7 52. Ra7 Qd2+ 53. Kh3 Qd8
54. Qxe6+ Kh8 55. Re7 Rxh5+ 56. Kg4 Rg5+ 57. Kh3 Qd5 58. Qc8+ Kh7 59. Qxc2+
Qf5+ 60. Qxf5+ Rxf5 61. f4 Rc5 62. Ra7 Bf6 63. Kg4 Kg6 64. Rb7 h5+ 65. Kh3 Kf5
66. Rb3 Ke4 67. Ra3 Rc3 68. Ra4+ Kd5 69. Ra5+ Rc5 70. Ra3 Bd4 71. Kh4 Ke4 72.
Rb3 Bf6+ 73. Kh3 Bc3 74. Kh4 Kf3 75. Kh3 Kf2 76. Kh2 Be1 77. Rb7 Bc3 78. Rb3
Kf3 79. Kh3 Kf2 80. Kh2 Bd4 81. Rb4 Be3 82. Rb7 g5 83. fxg5 Rxg5 84. Rf7+ Ke2
85. Kh3 Bd2 86. Kh4 Re5 87. Rh7 Kf3 88. Rxh5 Rxh5+ 1/2-1/2

[Event "43. Olimpiada Batumi 2018 Femenina"]
[Site "Batumi GEO"]
[Date "2018.09.30"]
[Round "6.1"]
[White "Marzouk, Amira"]
[Black "Ramirez, Maria Eugenia"]
[Result "0-1"]
[WhiteElo "1745"]
[BlackElo "2052"]
[PlyCount "68"]
[EventDate "2018.09.24"]
[EventType "team-swiss"]
[EventRounds "11"]
[EventCountry "GEO"]
[SourceTitle "Ajedrez en Madrid"]
[Source "lmi"]
[SourceDate "2018.09.24"]
[WhiteTeam "Tunisia"]
[BlackTeam "Bolivia"]
[WhiteTeamCountry "TUN"]
[BlackTeamCountry "BOL"]

1. d4 c5 2. c3 e6 3. Bf4 Nf6 4. e3 b6 5. Nd2 Bb7 6. Ngf3 Be7 7. h3 O-O 8. Bd3
d6 9. O-O Nbd7 10. Qe2 a6 11. a4 Qc7 12. Nc4 b5 13. axb5 axb5 14. Ncd2 c4 15.
Bc2 e5 16. Bh2 Rfc8 17. Bf5 g6 18. Bxd7 Nxd7 19. Rfc1 Qc6 20. Qf1 f6 21. Ne1
Nb6 22. Nc2 Rxa1 23. Rxa1 Na4 24. Nb4 Qd7 25. Qb1 Qe6 26. Ra2 f5 27. Qd1 exd4
28. exd4 Bg5 29. Nb1 Re8 30. Kf1 f4 31. Na3 f3 32. Nbc2 fxg2+ 33. Kg1 Qxh3 34.
d5 Bf4 0-1

[Event "43. Olimpiada Batumi 2018 Femenina"]
[Site "Batumi GEO"]
[Date "2018.09.30"]
[Round "6.2"]
[White "Monroy G., Nataly A"]
[Black "Miladi, Amen"]
[Result "1-0"]
[WhiteElo "1961"]
[BlackElo "1702"]
[PlyCount "85"]
[EventDate "2018.09.24"]
[EventType "team-swiss"]
[EventRounds "11"]
[EventCountry "GEO"]
[SourceTitle "Ajedrez en Madrid"]
[Source "lmi"]
[SourceDate "2018.09.24"]
[WhiteTeam "Bolivia"]
[BlackTeam "Tunisia"]
[WhiteTeamCountry "BOL"]
[BlackTeamCountry "TUN"]

1. d4 Nf6 2. c4 g6 3. Nc3 Bg7 4. g3 O-O 5. Bg2 d6 6. Nf3 Nc6 7. O-O a6 8. Bf4
Re8 9. d5 Na5 10. Qd3 c5 11. Rad1 Bd7 12. Nd2 Rb8 13. e4 b5 14. b3 Ng4 15. h3
Ne5 16. Bxe5 Bxe5 17. Rb1 Qc8 18. Kh2 Rb6 19. f4 Bg7 20. Rfe1 Qc7 21. Ne2 Reb8
22. a3 bxc4 23. bxc4 Ba4 24. Rxb6 Rxb6 25. Rb1 Qb7 26. Rxb6 Qxb6 27. Nc3 Bd7
28. Qc2 Bxc3 29. Qxc3 Ba4 30. e5 Nb3 31. Qb2 Qb7 32. exd6 exd6 33. Ne4 Na5 34.
Qc3 Qc7 35. Nf6+ Kf8 36. Nxh7+ Kg8 37. Nf6+ Kf8 38. Ne4 Bb3 39. Qh8+ Ke7 40.
Qf6+ Kf8 41. Nxd6 Bxc4 42. Nf5 gxf5 43. d6 1-0

[Event "43. Olimpiada Batumi 2018 Femenina"]
[Site "Batumi GEO"]
[Date "2018.09.30"]
[Round "6.3"]
[White "Chihi, Malek"]
[Black "Molina, Jessica"]
[Result "0-1"]
[WhiteElo "1573"]
[BlackElo "1806"]
[PlyCount "79"]
[EventDate "2018.09.24"]
[EventType "team-swiss"]
[EventRounds "11"]
[EventCountry "GEO"]
[SourceTitle "Ajedrez en Madrid"]
[Source "lmi"]
[SourceDate "2018.09.24"]
[WhiteTeam "Tunisia"]
[BlackTeam "Bolivia"]
[WhiteTeamCountry "TUN"]
[BlackTeamCountry "BOL"]

1. e4 e6 2. d4 d5 3. exd5 exd5 4. Bd3 Nf6 5. Bf4 c6 6. c3 Bd6 7. Ne2 Bg4 8.
Bxd6 Qxd6 9. h3 Bh5 10. Nd2 Nbd7 11. Qc2 O-O-O 12. O-O-O Rhe8 13. Rde1 Kb8 14.
Kb1 Ne4 15. Nxe4 dxe4 16. Bxe4 Rxe4 17. Qd2 Rde8 18. Ng3 Rxe1+ 19. Rxe1 Bg6+
20. Ka1 Rxe1+ 21. Qxe1 Qe6 22. Qd2 Nb6 23. b3 h5 24. Kb2 Kc8 25. Ne2 Qe4 26.
Nf4 Nd5 27. Nxd5 Qxd5 28. Qe3 Qe4 29. Qxe4 Bxe4 30. f3 Bd3 31. h4 Kd7 32. Kc1
Bf1 33. g3 Bg2 34. f4 Ke6 35. Kd2 Kf5 36. Ke3 Be4 37. a3 Bc2 38. b4 b5 39. Kd2
Bb3 40. Ke3 0-1

[Event "43. Olimpiada Batumi 2018 Femenina"]
[Site "Batumi GEO"]
[Date "2018.09.30"]
[Round "6.4"]
[White "Mendoza, Samantha"]
[Black "Meddeb, Chadha"]
[Result "1-0"]
[WhiteElo "1763"]
[BlackElo "1619"]
[PlyCount "57"]
[EventDate "2018.09.24"]
[EventType "team-swiss"]
[EventRounds "11"]
[EventCountry "GEO"]
[SourceTitle "Ajedrez en Madrid"]
[Source "lmi"]
[SourceDate "2018.09.24"]
[WhiteTeam "Bolivia"]
[BlackTeam "Tunisia"]
[WhiteTeamCountry "BOL"]
[BlackTeamCountry "TUN"]

1. e4 d5 2. exd5 Qxd5 3. Nc3 Qd6 4. d4 Nf6 5. Nf3 a6 6. a4 Nbd7 7. Be2 e6 8.
O-O c5 9. Re1 Be7 10. g3 O-O 11. Bf4 Qb6 12. a5 Qc6 13. Ne5 Nxe5 14. Bxe5 cxd4
15. Bf3 Nd5 16. Nxd5 exd5 17. Qxd4 Bc5 18. Qxd5 Qxd5 19. Bxd5 Rd8 20. c4 Kf8
21. Bc3 Ra7 22. b4 Be7 23. Bxg7+ Kxg7 24. Rxe7 Rd7 25. Rxd7 Bxd7 26. Re1 Kf6
27. Re4 Bf5 28. Re8 Bd3 29. Rc8 1-0

[Event "43. Olimpiada Batumi 2018 Femenina"]
[Site "Batumi GEO"]
[Date "2018.09.30"]
[Round "6.1"]
[White "Nabaa, Sami Abbas Al-Attra"]
[Black "Granados Diaz, Maria Esther"]
[Result "0-1"]
[WhiteElo "1831"]
[BlackElo "1817"]
[PlyCount "70"]
[EventDate "2018.09.24"]
[EventType "team-swiss"]
[EventRounds "11"]
[EventCountry "GEO"]
[SourceTitle "Ajedrez en Madrid"]
[Source "lmi"]
[SourceDate "2018.09.24"]
[WhiteTeam "Iraq"]
[BlackTeam "Nicaragua"]
[WhiteTeamCountry "IRQ"]
[BlackTeamCountry "NCA"]

1. d4 c5 2. e3 b6 3. Nf3 Bb7 4. b3 g6 5. Bb2 Bg7 6. Be2 Nf6 7. O-O O-O 8. Nbd2
d6 9. c4 cxd4 10. exd4 d5 11. Qc2 Nc6 12. Rac1 Nb4 13. Qb1 Nh5 14. a3 Nf4 15.
Rfe1 Nxe2+ 16. Rxe2 Nc6 17. Rd1 Qd6 18. Ne5 Rfd8 19. Ndf3 f6 20. Nxc6 Bxc6 21.
Rde1 Bf8 22. Re6 Qc7 23. Nh4 Be8 24. cxd5 Rxd5 25. Qe4 Rad8 26. Rc1 Rxd4 27.
Qb1 Qxc1+ 28. Qxc1 Rd1+ 29. Re1 Rxc1 30. Bxc1 e5 31. Nf3 Bf7 32. b4 Rd3 33. Nd2
Bh6 34. Nc4 Bxc1 35. Rxc1 Bxc4 0-1

[Event "43. Olimpiada Batumi 2018 Femenina"]
[Site "Batumi GEO"]
[Date "2018.09.30"]
[Round "6.2"]
[White "Narvaez Talavera, Joanie Ellen"]
[Black "A-Ali, Sali Abbas Abdulzah"]
[Result "0-1"]
[WhiteElo "1670"]
[BlackElo "1848"]
[PlyCount "64"]
[EventDate "2018.09.24"]
[EventType "team-swiss"]
[EventRounds "11"]
[EventCountry "GEO"]
[SourceTitle "Ajedrez en Madrid"]
[Source "lmi"]
[SourceDate "2018.09.24"]
[WhiteTeam "Nicaragua"]
[BlackTeam "Iraq"]
[WhiteTeamCountry "NCA"]
[BlackTeamCountry "IRQ"]

1. d4 d5 2. c4 e6 3. cxd5 exd5 4. Nc3 c6 5. Nf3 Bd6 6. Qc2 Nf6 7. Bg5 Bg4 8. e3
Nbd7 9. Be2 Qc7 10. h3 Bh5 11. Rc1 h6 12. Bxf6 Nxf6 13. a3 a6 14. b4 O-O 15.
O-O Rfe8 16. Qb2 Qe7 17. Na4 Ne4 18. Nc5 Bc7 19. Nd3 Qd6 20. Nfe5 Bxe2 21. Qxe2
f6 22. Nf3 Ng5 23. Nde1 Re4 24. Qc2 Rae8 25. Qc5 Qd7 26. Nxg5 hxg5 27. a4 Rh4
28. f4 gxf4 29. exf4 Bxf4 30. Rxf4 Rxf4 31. Nf3 Re2 32. b5 Rxf3 0-1

[Event "43. Olimpiada Batumi 2018 Femenina"]
[Site "Batumi GEO"]
[Date "2018.09.30"]
[Round "6.3"]
[White "Al-Fayyadh, Yamama Asif Abdula"]
[Black "Alvarez Gutierrez, Patricia"]
[Result "1/2-1/2"]
[WhiteElo "1604"]
[BlackElo "1623"]
[PlyCount "89"]
[EventDate "2018.09.24"]
[EventType "team-swiss"]
[EventRounds "11"]
[EventCountry "GEO"]
[SourceTitle "Ajedrez en Madrid"]
[Source "lmi"]
[SourceDate "2018.09.24"]
[WhiteTeam "Iraq"]
[BlackTeam "Nicaragua"]
[WhiteTeamCountry "IRQ"]
[BlackTeamCountry "NCA"]

1. e4 c6 2. d4 d5 3. exd5 cxd5 4. Bd3 Nc6 5. c3 e6 6. Nf3 Bd6 7. O-O Nf6 8. Re1
O-O 9. Nbd2 a6 10. Ne5 Ne7 11. Ndf3 Ng6 12. Bg5 b5 13. a3 Bb7 14. Bxf6 gxf6 15.
Ng4 Re8 16. Bc2 Rc8 17. g3 f5 18. Nge5 Qf6 19. Qd3 Qg7 20. Nxg6 Qxg6 21. Ne5
Qg7 22. Qf3 Kh8 23. Qh5 Re7 24. Bd1 Rg8 25. Bf3 Qf6 26. Bg2 Qg7 27. f4 f6 28.
Nd3 Bc8 29. Re2 Qg4 30. Qxg4 fxg4 31. Rae1 f5 32. Bxd5 Rge8 33. Bb3 Kg7 34. d5
exd5 35. Rxe7+ Rxe7 36. Rxe7+ Bxe7 37. Bxd5 Kf6 38. Kf2 Bd6 39. Ke3 h5 40. Kd4
Kg6 41. Nc5 h4 42. c4 hxg3 43. hxg3 Kf6 44. cxb5 axb5 45. Bc6 1/2-1/2

[Event "43. Olimpiada Batumi 2018 Femenina"]
[Site "Batumi GEO"]
[Date "2018.09.30"]
[Round "6.1"]
[White "Charinda, Kudzanayi"]
[Black "Chung, Yaleika"]
[Result "1-0"]
[WhiteElo "1718"]
[BlackElo "1736"]
[PlyCount "103"]
[EventDate "2018.09.24"]
[EventType "team-swiss"]
[EventRounds "11"]
[EventCountry "GEO"]
[SourceTitle "Ajedrez en Madrid"]
[Source "lmi"]
[SourceDate "2018.09.24"]
[WhiteTeam "Zimbabwe"]
[BlackTeam "Panama"]
[WhiteTeamCountry "ZIM"]
[BlackTeamCountry "PAN"]

1. c4 c6 2. d4 d5 3. e3 Nf6 4. Nc3 e6 5. Nf3 Bd6 6. Bd3 Qe7 7. Qc2 Nbd7 8. Bd2
b6 9. Rc1 Bb7 10. cxd5 Nxd5 11. Nxd5 cxd5 12. a3 h6 13. h3 O-O 14. O-O Rfc8 15.
Qb1 a6 16. Rxc8+ Rxc8 17. Rc1 Qd8 18. Bc3 b5 19. Rc2 Nb6 20. Ba5 Bc7 21. Qc1
Nc4 22. Bxc7 Qxc7 23. b3 Bc6 24. bxc4 bxc4 25. Be2 a5 26. Rb2 Ba4 27. Qc3 Bb3
28. Nd2 a4 29. Rb1 Qe7 30. Nxb3 axb3 31. Rxb3 Ra8 32. Rb4 Qa7 33. a4 g6 34. Bd1
Kg7 35. Qb2 Qa5 36. Bc2 Rc8 37. Qb1 Qa6 38. Rb7 Kf6 39. Qb4 Re8 40. Qb5 Qxb5
41. Rxb5 Ra8 42. Kf1 h5 43. Ke1 g5 44. Kd2 Ra7 45. Kc3 Kg7 46. Kb4 f5 47. a5 h4
48. Rb6 Kf6 49. Kb5 g4 50. a6 Rg7 51. Rb7 g3 52. fxg3 1-0

[Event "43. Olimpiada Batumi 2018 Femenina"]
[Site "Batumi GEO"]
[Date "2018.09.30"]
[Round "6.2"]
[White "Carrillo Marval, Maria Angelica"]
[Black "Wakuruwarewa, Colletta"]
[Result "1/2-1/2"]
[WhiteElo "1712"]
[BlackElo "1577"]
[PlyCount "105"]
[EventDate "2018.09.24"]
[EventType "team-swiss"]
[EventRounds "11"]
[EventCountry "GEO"]
[SourceTitle "Ajedrez en Madrid"]
[Source "lmi"]
[SourceDate "2018.09.24"]
[WhiteTeam "Panama"]
[BlackTeam "Zimbabwe"]
[WhiteTeamCountry "PAN"]
[BlackTeamCountry "ZIM"]

1. e4 e6 2. Qe2 Ne7 3. Nf3 d5 4. d3 g6 5. c3 Bg7 6. g3 c5 7. Bg2 Nbc6 8. e5 Nf5
9. O-O O-O 10. Bf4 Re8 11. h4 Bd7 12. Nbd2 h5 13. Nb3 b6 14. Rad1 Qc8 15. c4
Qa6 16. a3 Nce7 17. Nbd2 b5 18. b3 Rad8 19. Bg5 Rc8 20. Bxe7 Rxe7 21. Bh3 Bc6
22. Ra1 Rd7 23. Rfc1 Qb6 24. Bxf5 exf5 25. Ng5 Re8 26. f4 f6 27. Ngf3 Rde7 28.
Re1 fxe5 29. Nxe5 Bxe5 30. fxe5 Qc7 31. Nf3 bxc4 32. bxc4 dxc4 33. dxc4 Bxf3
34. Qxf3 Rxe5 35. Rxe5 Qxe5 36. Rd1 Qe3+ 37. Kg2 Qe2+ 38. Qxe2 Rxe2+ 39. Kf3
Rc2 40. Rd8+ Kg7 41. Rd7+ Kh6 42. Rxa7 Rxc4 43. a4 Rc1 44. a5 c4 45. Rc7 c3 46.
a6 c2 47. a7 Ra1 48. a8=Q Rxa8 49. Rxc2 Ra7 50. Kf4 Kg7 51. Rc6 Ra4+ 52. Kf3
Ra3+ 53. Kf4 1/2-1/2

[Event "43. Olimpiada Batumi 2018 Femenina"]
[Site "Batumi GEO"]
[Date "2018.09.30"]
[Round "6.3"]
[White "Makwena, Christine"]
[Black "Gonzalez, Yaribeth"]
[Result "1/2-1/2"]
[WhiteElo "1626"]
[BlackElo "1727"]
[PlyCount "103"]
[EventDate "2018.09.24"]
[EventType "team-swiss"]
[EventRounds "11"]
[EventCountry "GEO"]
[SourceTitle "Ajedrez en Madrid"]
[Source "lmi"]
[SourceDate "2018.09.24"]
[WhiteTeam "Zimbabwe"]
[BlackTeam "Panama"]
[WhiteTeamCountry "ZIM"]
[BlackTeamCountry "PAN"]

1. d4 d5 2. c4 e6 3. Nc3 Nf6 4. Nf3 Be7 5. Bg5 O-O 6. e3 c6 7. Be2 dxc4 8. Bxc4
Nd5 9. Bxe7 Qxe7 10. O-O Nd7 11. e4 Nxc3 12. bxc3 Qa3 13. Qc2 h6 14. Bd3 b6 15.
Rfc1 Qe7 16. Qe2 Bb7 17. e5 c5 18. Nd2 Qg5 19. Ne4 Bxe4 20. Qxe4 g6 21. Bb5 Qe7
22. Qb7 Rfd8 23. dxc5 bxc5 24. c4 Kf8 25. Bxd7 Qxd7 26. Qe4 Qd4 27. Qe2 Qd3 28.
Qxd3 Rxd3 29. Rc2 Rad8 30. Kf1 Ke7 31. Ke2 f6 32. exf6+ Kxf6 33. Rb1 a6 34. Rb6
R8d6 35. Rxa6 Rxa6 36. Kxd3 Ra3+ 37. Ke4 g5 38. f3 h5 39. g3 Ra7 40. Ke3 Ke5
41. Kd2 Kd4 42. Ke2 Ra3 43. h3 e5 44. h4 gxh4 45. gxh4 Ra4 46. Kd2 Ra3 47. Ke2
Re3+ 48. Kf2 Ra3 49. Ke2 Re3+ 50. Kf2 Ra3 51. Ke2 Re3+ 52. Kf2 1/2-1/2

[Event "43. Olimpiada Batumi 2018 Femenina"]
[Site "Batumi GEO"]
[Date "2018.09.30"]
[Round "6.4"]
[White "Arosemena, Betty"]
[Black "Nomalungelo, Mathe"]
[Result "0-1"]
[WhiteElo "1598"]
[BlackElo "1577"]
[PlyCount "94"]
[EventDate "2018.09.24"]
[EventType "team-swiss"]
[EventRounds "11"]
[EventCountry "GEO"]
[SourceTitle "Ajedrez en Madrid"]
[Source "lmi"]
[SourceDate "2018.09.24"]
[WhiteTeam "Panama"]
[BlackTeam "Zimbabwe"]
[WhiteTeamCountry "PAN"]
[BlackTeamCountry "ZIM"]

1. e4 e6 2. d4 d5 3. Nd2 dxe4 4. Nxe4 Bd7 5. Nf3 Bc6 6. Bd3 Nd7 7. O-O Be7 8.
Re1 Ngf6 9. c3 O-O 10. Qc2 h6 11. Qe2 Re8 12. Bc2 Nxe4 13. Bxe4 Bxe4 14. Qxe4
c6 15. Ne5 Nxe5 16. Qxe5 Bd6 17. Qh5 Bf8 18. Bf4 Qf6 19. Re4 Qf5 20. Qe2 Rad8
21. Be5 Qg5 22. Rg4 Qf5 23. h4 Rd5 24. Rf4 Qg6 25. Rg4 Qf5 26. Rd1 Red8 27. Rd3
c5 28. Rdg3 f6 29. Bf4 h5 30. Rxg7+ Bxg7 31. Bh6 R8d7 32. Kh2 cxd4 33. Rf3 Qe5+
34. Qxe5 fxe5 35. Bd2 e4 36. Rh3 Kh7 37. cxd4 Bxd4 38. Be3 Bxe3 39. Rxe3 Rd4
40. a3 Rf7 41. Kg3 Rd3 42. b4 Rxe3+ 43. fxe3 b5 44. Kh3 Rf2 45. Kg3 Rf1 46. Kh3
e5 47. g3 Rf3 0-1

[Event "43. Olimpiada Batumi 2018 Femenina"]
[Site "Batumi GEO"]
[Date "2018.09.30"]
[Round "6.1"]
[White "Vilhete, Vania Fausto Da T"]
[Black "Hamoonga, Linda Banti"]
[Result "1-0"]
[WhiteElo "1752"]
[BlackElo "1767"]
[PlyCount "59"]
[EventDate "2018.09.24"]
[EventType "team-swiss"]
[EventRounds "11"]
[EventCountry "GEO"]
[SourceTitle "Ajedrez en Madrid"]
[Source "lmi"]
[SourceDate "2018.09.24"]
[WhiteTeam "Mozambique"]
[BlackTeam "Zambia"]
[WhiteTeamCountry "MOZ"]
[BlackTeamCountry "ZAM"]

1. d4 d5 2. c4 c6 3. Nc3 e6 4. e3 Nf6 5. Nf3 Bd6 6. Bd3 Nbd7 7. O-O O-O 8. Bd2
dxc4 9. Bxc4 b5 10. Bd3 Bb7 11. Rc1 a6 12. Bb1 c5 13. Re1 Qb8 14. h3 Rd8 15. e4
cxd4 16. Nxd4 Be5 17. Nf3 Bc7 18. Qc2 Rc8 19. a3 h6 20. Qd1 Rd8 21. Qe2 Nf8 22.
Rcd1 Bc6 23. Bc1 Qb7 24. Nd4 Bd7 25. e5 Nd5 26. Nxd5 exd5 27. Qd3 Re8 28. Qg3
Qb6 29. Bf5 Bxf5 30. Nxf5 1-0